| 000 | 01485nam a2200265 a 4500 | ||
|---|---|---|---|
| 001 | 000013395 | ||
| 003 | DO-SdBNP | ||
| 005 | 20251106082051.0 | ||
| 008 | 100809s2004 dr a 000 0 spa d | ||
| 040 |
_aDO-SdBNP _bspa _cBNPHU |
||
| 082 |
_axxxx _bxxxx |
||
| 100 | 1 |
_aVentura, Eduardo _930651 |
|
| 245 | 1 | 0 |
_aMatemática superior : _bmanual de prácticas / _cEduardo Ventura, Roberto Morel. |
| 250 | _a2a ed. | ||
| 260 |
_aSanto Domingo : _bUniversidad Católica Santo Domingo, _c2004. |
||
| 300 |
_av. : _bil. ; _c28 cm. |
||
| 505 | 0 |
_gMatemática superior I -- _tLógica matemática -- _tTeoría de conjuntos -- _tConjunto numérico -- _tExpresiones algebraicas -- _tPotenciación radicación -- _tRelaciones. Funciones -- _tProductos. Cocientes notables -- _tFactorización -- _tGeometría -- _tEcuaciones de primer grado -- _tEcuaciones de segundo grado -- _tInecuaciones -- |
|
| 505 | 0 |
_gMatemática superior II -- _tLogaritmos -- _tFunciones exponenciales y logarítmicas -- _tProgresiones: Aritméticas y geométricas -- _tAnálisis combinatorio -- _tEcuaciones simultáneas -- _tDeterminantes -- _tVectores y matrices -- _tTrigonometría -- _tIncrementos -- _tPendiente de una recta -- _tTeoría de límites -- _tDerivadas -- |
|
| 650 | 4 |
_aMatemática _xEnseñanza _930652 |
|
| 650 | 4 |
_aMatemática _xProblemas, ejercicios, etc. _930653 |
|
| 650 | 0 |
_aÁlgebra _xEnseñanza _925976 |
|
| 650 | 4 |
_aAlgebra _xProblemas, ejercicios, etc. _92662 |
|
| 700 | 1 |
_aMorel, Roberto _929572 |
|
| 942 |
_2ddc _cLBS1 |
||
| 999 |
_c13021 _d13021 |
||